Music Quiz

Random Music or Artist Quiz

America Songs Quiz Stats

 Plays Quiz Updated May 31, 2019

Score 0/27 Timer 07:00
0 Plays Today
Artist Song title % Correct
Don McLean or
Madonna
American Pie
69.3%
Green DayAmerican Idiot
66%
Bruce SpringsteenBorn In The U.S.A.
65.3%
Miley CyrusParty In The U.S.A.
64%
The Guess WhoAmerican Woman
44.8%
Tom Petty & The HeartbreakersAmerican Girl
44.3%
The Beach BoysSurfin' U.S.A.
38.6%
Estelle feat. Kanye WestAmerican Boy
37.5%
Childish GambinoThis Is America
32%
Lee GreenwoodGod Bless The U.S.A.
23%
James BrownLiving In America
20.3%
SupertrampBreakfast In America
18.5%
Grand Funk RailroadWe're An American Band
18.3%
Kim WildeKids In America
17%
Artist Song title % Correct
John MellencampR.O.C.K. In The U.S.A.
13.3%
David BowieYoung Americans
11.6%
The Dirt BandAn American Dream
8.1%
Joey ScarburyTheme from 'The Greatest American Hero' (Believe It or Not)
5.1%
Chuck BerryBack In The U.S.A.
5.1%
MadonnaAmerican Life
5%
The Charlie Daniels BandIn America
4.4%
Fall Out BoyAmerica's Suitehearts
4.3%
The ProclaimersLetter From America
4.2%
Elvis PresleyAn American Trilogy
4%
Violent FemmesAmerican Music
4%
David Bowie & Pat MethenyThis Is Not America
3.6%
Electric Light OrchestraCalling America
2.4%

You're not logged in!

Compare scores with friends on all Sporcle quizzes.
OR
Log In

Sporcle TV

Today on Sporcle TV


Watch our educational content, quiz creation guides, and fun videos on Sporcle TV.

Show Comments

Extras

Top Quizzes Today


Score Distribution

Your Account Isn't Verified!

In order to create a playlist on Sporcle, you need to verify the email address you used during registration. Go to your Sporcle Settings to finish the process.

Report this User

Report this user for behavior that violates our Community Guidelines.

Details: